000 00652nam a2200265Ia 4500
005 20260121170913.0
008 008 260114s9999 xx 000 0 eng d
020 _a9789811314322
037 _aEBOOK
040 _aCRL
040 _beng
040 _cCRL
041 _2eng
041 _aeng
084 _qCRL
100 _aAnhu Li
_91069595
245 0 _aDouble-Prism Multi-mode Scanning: Principles and Technology
260 _bSpringer
260 _bSpringer
260 _c2018
856 _uhttps://link.springer.com/openurl?genre=book&isbn=978-981-13-1432-2
942 _cEBOOK
999 _c1635325
_d1635325